000 00755nam a2200241 a 4500
001 54280
003 BD-RjUL
005 20211209080110.0
008 161105s2006 b ||||| |||| 00| 0 eng d
020 _a9843234294
_c: Tk. 400.00
035 _a(BD-RjUL)54402
040 _aBD-RjUL
_beng
_cBD-RjUL
041 _aeng
082 _223
_a305.26095492
_bELD 2006
245 0 0 _aElder abuse & successful ageing /
_cEdited by M A Sattar, Samad Abedin
260 _aDhaka :
_bBangladesh Association of Gerontology,
_c2006
300 _ax, 149 p. ;
_c25 cm
504 _aIncludes Bibliographical References and Index
650 _aOlder people
_z Bangladesh
_9162102
700 _aSattar, M. A.
_9162003
700 _aAbedin, Samad
_9162004
942 _2ddc
_cBK
999 _c54280
_d54280